000 00694nam a2200205Ia 4500
001 15585
003 GE_BSU
008 181216s||||||||xx |||||||||||||| ||und||
040 _cGE_BSU
245 _aგაჯავრებული მაყარი
245 _bმოთხრობები
245 _cრედ.ც.ჩხეიძე. მხატვ. ე.ამბოკაძე
260 _aთბილისი
260 _bლიტერატურა და ხელოვნება
260 _c1964
300 _a114გვ. ; 17სმ
653 _aგაჯავრებული მაყარი
653 _aმოთხრობები
942 _cBK
999 _c48685
_d48685